Washington's original 8 counties - Statistics

General Stats
  • This quiz has been taken 4 times
  • The average score is 4 of 8
Answer Stats
County Year Created % Correct
Clarke 1845 (as Vancouver District, Oregon Country) renamed in 1849, spelling corrected 1925
75%
King 1852
75%
Pierce 1852
75%
Island 1852
50%
Lewis 1845 (as Vancouver County?, Oregon Country) renamed in 1849
50%
Pacific 1851
50%
Thurston 1852
25%
Jefferson 1852
0%
No matching quizzes found
Score Distribution
Percent of People with Each Score
Percentile by Number Answered
Your Score History
You have not taken this quiz